Nguồn nước và tính toán thủy lợi

Đã lưu trong:
Sonraí Bibleagrafaíochta
Príomhúdar: Trinh, Trọng Hàn
Formáid: Leabhar
Teanga:Undetermined
Foilsithe: Hà Nội Khoa học và Kỹ thuật 1993
Ábhair:
Clibeanna: Cuir Clib Leis
Gan Chlibeanna, Bí ar an gcéad duine leis an taifead seo a chlibeáil!
Thư viện lưu trữ: Trung tâm Học liệu Trường Đại học Cần Thơ
LEADER 00577nam a2200193Ia 4500
001 CTU_160874
008 210402s9999 xx 000 0 und d
082 |a 333.91 
082 |b H105 
100 |a Trinh, Trọng Hàn 
245 0 |a Nguồn nước và tính toán thủy lợi 
245 0 |c Trinh Trọng Hàn 
260 |a Hà Nội 
260 |b Khoa học và Kỹ thuật 
260 |c 1993 
650 |a Water resources development,Water, supply 
650 |x Management 
904 |i Giang 
980 |a Trung tâm Học liệu Trường Đại học Cần Thơ